Criminal procedure code (F.M.S. Cap. 6) : (Record no. 4371)
[ view plain ]
| 000 -LEADER | |
|---|---|
| fixed length control field | nam a22 a 4500 |
| 003 - CONTROL NUMBER IDENTIFIER | |
| control field | AKMAL |
| 005 - DATE AND TIME OF LATEST TRANSACTION | |
| control field | 20170529111833.0 |
| 008 - FIXED-LENGTH DATA ELEMENTS--GENERAL INFORMATION | |
| fixed length control field | 170529s1995 my 00 eng d |
| 020 ## - INTERNATIONAL STANDARD BOOK NUMBER | |
| International Standard Book Number | 9678906813 (pbk.): |
| Terms of availability | RM 15.00 |
| 040 ## - CATALOGING SOURCE | |
| Transcribing agency | AKMAL |
| 082 04 - DEWEY DECIMAL CLASSIFICATION NUMBER | |
| Classification number | 345.59505 CRI |
| 090 ## - LOCALLY ASSIGNED LC-TYPE CALL NUMBER (OCLC); LOCAL CALL NUMBER (RLIN) | |
| Classification number (OCLC) (R) ; Classification number, CALL (RLIN) (NR) | 345.59505 |
| Local cutter number (OCLC) ; Book number/undivided call number, CALL (RLIN) | CRI |
| 110 1# - MAIN ENTRY--CORPORATE NAME | |
| Corporate name or jurisdiction name as entry element | Malaysia |
| 9 (RLIN) | 400 |
| 245 10 - TITLE STATEMENT | |
| Title | Criminal procedure code (F.M.S. Cap. 6) : |
| Remainder of title | (As at 15th August 1995) / |
| Statement of responsibility, etc. | compiled by Legal Research Board |
| 260 ## - PUBLICATION, DISTRIBUTION, ETC. | |
| Place of publication, distribution, etc. | Kuala Lumpur : |
| Name of publisher, distributor, etc. | International Law Book Services, |
| Date of publication, distribution, etc. | 1995 |
| 300 ## - PHYSICAL DESCRIPTION | |
| Extent | xix, 209p. ; |
| Dimensions | 24cm |
| 440 ## - SERIES STATEMENT/ADDED ENTRY--TITLE | |
| Title | Laws of Malaysia |
| 9 (RLIN) | 1830 |
| 650 ## - SUBJECT ADDED ENTRY--TOPICAL TERM | |
| Topical term or geographic name entry element | Criminal procedure |
| Geographic subdivision | Malaysia |
| 9 (RLIN) | 3883 |
| 942 ## - ADDED ENTRY ELEMENTS (KOHA) | |
| Source of classification or shelving scheme | |
| Koha item type | Book |
| Withdrawn status | Lost status | Source of classification or shelving scheme | Damaged status | Not for loan | Collection code | Home library | Current library | Shelving location | Date acquired | Inventory number | Total Checkouts | Full call number | Barcode | Date last seen | Price effective from | Koha item type |
|---|---|---|---|---|---|---|---|---|---|---|---|---|---|---|---|---|
| NON-FICTION | AKMAL Melaka | AKMAL Melaka | PINJAMAN | 29.05.2017 | 002446 | 345.59505 CRI | 201706774 | 29.05.2017 | 29.05.2017 | Book |
